Podrá sobrevivir el hombre?: una investigación sobre los hechos y las ficciones de la política internacional

Salvato in:
Dettagli Bibliografici
Autore principale: Fromm, Erich (Autore)
Natura: Libro
Lingua:spagnolo
Pubblicazione: Barcelona Paidós 1980
Serie:Paidós studio
Soggetti:
Tags: Aggiungi Tag
Nessun Tag, puoi essere il primo ad aggiungerne!!

MARC

LEADER 00000nam a2200000 a 4500
001 UCY7657
003 CL-VaPUC
008 950616e19800000SP |||||||||||||||||spa|d
082 0 4 |a 327.11  |b FRO  |2 21 
100 0 |a Fromm, Erich  |e author  |9 315922 
245 1 0 |a Podrá sobrevivir el hombre?: una investigación sobre los hechos y las ficciones de la política internacional 
300 |a 297 p 
942 |c BK 
945 |d 19950616 00:00:00  |a cmena 
260 |a Barcelona  |b Paidós  |c 1980 
650 0 |a Doctrinas políticas  |9 255835 
650 7 |a POLITICA INTERNACIONAL SIGLO 20  |2 CL-VaPUC  |9 338296 
650 0 |a Vida política  |9 337438 
650 0 |a Cambio social   |9 256857 
650 0 |a Sociedad contemporánea  |9 337179 
583 |a last modification  |c 20160901 03:34:28  |k Rodrigo Vera 
490 0 |a Paidós studio 
999 |c 234988  |d 234986 
952 |0 0  |1 0  |4 0  |6 327_110000000000000_FRO_1980  |7 0  |8 A  |9 242050  |a BIBEDU  |b BIBEDU  |d 2019-11-18  |i 1519700  |o 327.11 FRO 1980  |p 1519700  |r 2019-11-18  |w 2019-11-18  |y BK  |k EDU